Canadian Provinces and Territories-Sudden Death - Statistics

General Stats
  • This quiz has been taken 33 times
  • The average score is 10 of 13
Answers on the Grid
Answers color-coded by a green-red scale on the quiz's grid according to % correct below.
Alaska
Alberta
British Columbia
Calgary
Dublin
Fredericton
Glasgow
London
Maine
Manchester
Manitoba
Miramichi
Montana
New Brunswick
Newfoundland and Labrador
Northwest Territories
Nova Scotia
Nunavut
Ohio
Ontario
Ottawa
Prince Edward Island
Quebec
Saskatchewan
Sydney
Toronto
Vienna
Whitehorse
Yukon
Zurich
 
Answer Stats
Answer % Correct
Alberta
100%
British Columbia
100%
New Brunswick
100%
Nova Scotia
100%
Ontario
100%
Quebec
100%
Saskatchewan
100%
Manitoba
50%
Newfoundland and Labrador
50%
Northwest Territories
50%
Nunavut
50%
Prince Edward Island
50%
Yukon
0%
No matching quizzes found
Score Distribution
Percent of People with Each Score
Percentile by Number Answered
Your Score History
You have not taken this quiz